Reflexiones sobre las revoluciones interrumpidas/
Guardat en:
| Autor principal: | |
|---|---|
| Format: | Llibre |
| Idioma: | Spanish |
| Etiquetes: |
Afegir etiqueta
Sense etiquetes, Sigues el primer a etiquetar aquest registre!
|
MARC
| LEADER | 00000nam a22000007a 4500 | ||
|---|---|---|---|
| 003 | cru CIDCACS/IIS | ||
| 005 | 20190117150522.0 | ||
| 007 | ta | ||
| 008 | 190117s20092010mx |||p|r||||||0| ||spa|d | ||
| 999 | |c 42065 |d 42065 | ||
| 040 | |c cru CIDCACS/IIS | ||
| 100 | 1 | |9 8231 |a Fernandes, Florestan |d 1920-1995 | |
| 245 | 1 | |a Reflexiones sobre las revoluciones interrumpidas/ |c Florestan Fernandes | |
| 300 | |a páginas 24-27 | ||
| 773 | 0 | |0 42054 |9 2609 |a Centro de Estudios del Movimiento Obrero y Socialista (México) |d México D.F: CEMOS |o 17704 |t Memoria = |x 01861395 | |
| 942 | |2 ddc |c PP | ||
